Basic Civil Engineering and Engineering Mechanics (Record no. 61106)

MARC details
000 -LEADER
fixed length control field 00504nam a22002057a 4500
003 - CONTROL NUMBER IDENTIFIER
control field OSt
005 - DATE AND TIME OF LATEST TRANSACTION
control field 20240216161209.0
008 - FIXED-LENGTH DATA ELEMENTS--GENERAL INFORMATION
fixed length control field 240216b |||||||| |||| 00| 0 eng d
020 ## - INTERNATIONAL STANDARD BOOK NUMBER
International Standard Book Number 978-93-93159-50-2
040 ## - CATALOGING SOURCE
Transcribing agency Trident
082 ## - DEWEY DECIMAL CLASSIFICATION NUMBER
Classification number 620.13
100 ## - MAIN ENTRY--PERSONAL NAME
Personal name S S Bhavikatti
245 ## - TITLE STATEMENT
Title Basic Civil Engineering and Engineering Mechanics
250 ## - EDITION STATEMENT
Edition statement 3rd
260 ## - PUBLICATION, DISTRIBUTION, ETC.
Place of publication, distribution, etc. New Delhi
Name of publisher, distributor, etc. New Age Int.
Date of publication, distribution, etc. 2022
300 ## - PHYSICAL DESCRIPTION
Extent IX;406
500 ## - GENERAL NOTE
General note Quantity Number-10
650 ## - SUBJECT ADDED ENTRY--TOPICAL TERM
Topical term or geographic name entry element CIVIL
942 ## - ADDED ENTRY ELEMENTS (KOHA)
Source of classification or shelving scheme Dewey Decimal Classification
Koha item type Books
Suppress in OPAC No
Holdings
Withdrawn status Lost status Source of classification or shelving scheme Damaged status Not for loan Home library Current library Date acquired Total Checkouts Full call number Barcode Date last seen Price effective from Koha item type Date due Date last checked out Shelving location
    Dewey Decimal Classification     Central Library, Trident Academy of Technology Central Library, Trident Academy of Technology 02/16/2024   620.13 60922 02/16/2024 02/16/2024 Books      
    Dewey Decimal Classification     Central Library, Trident Academy of Technology Central Library, Trident Academy of Technology 02/16/2024   620.13 60923 02/16/2024 02/16/2024 Books      
    Dewey Decimal Classification     Central Library, Trident Academy of Technology Central Library, Trident Academy of Technology 02/16/2024   620.13 60924 02/16/2024 02/16/2024 Books      
    Dewey Decimal Classification     Central Library, Trident Academy of Technology Central Library, Trident Academy of Technology 02/16/2024   620.13 60925 02/16/2024 02/16/2024 Books      
    Dewey Decimal Classification     Central Library, Trident Academy of Technology Central Library, Trident Academy of Technology 02/16/2024   620.13 60926 02/16/2024 02/16/2024 Books      
    Dewey Decimal Classification     Central Library, Trident Academy of Technology Central Library, Trident Academy of Technology 02/16/2024   620.13 60927 02/16/2024 02/16/2024 Books      
    Dewey Decimal Classification     Central Library, Trident Academy of Technology Central Library, Trident Academy of Technology 02/16/2024   620.13 60928 02/16/2024 02/16/2024 Books      
    Dewey Decimal Classification     Central Library, Trident Academy of Technology Central Library, Trident Academy of Technology 02/16/2024 1 620.13 60929 11/05/2024 02/16/2024 Books 06/03/2025 11/05/2024  
    Dewey Decimal Classification     Central Library, Trident Academy of Technology Central Library, Trident Academy of Technology 02/16/2024   620.13 60930 02/16/2024 02/16/2024 Books      
    Dewey Decimal Classification     Central Library, Trident Academy of Technology Central Library, Trident Academy of Technology 02/28/2024 2 620.13 60921 05/18/2026 02/28/2024 Books   11/01/2025 General Stacks
Trident Academy of Technology © 2023.
All rights reserved.                                                                                                                                                                                                        Designed by Team of Central Library .

Powered by Koha